000 00530nam a2200169 4500
001 127327
003 ES-MaACL
005 20230906193007.0
007 t|
008 070214s1968 sp r ||||1| spa d
100 1 _aRichardson, Alan.
_996926
245 1 3 _aEl debate contemporáneo sobre la religión /
_cAlan Richardson ; [versión... por Juan M. Martín Moreno].
260 _aBilbao :
_bMensajero,
_c1968.
300 _a156 p. ;
_c19 cm.
700 1 _aMartín Moreno, Juan M.
_977579
852 _aES-MaACL
_jC-51464
_bR.67005
999 _c127327
_d127327